000 00597nam a2200181Ia 4500
005 20250923145304.0
008 008 250917s9999 xx 000 0 eng d
037 _aTextual
040 _aDSWL
_beng
_cDSWL
041 _aeng
_2eng
084 _aT:3(YX,A;5-P).2, N73;1
_qDSWL
100 _aPathak, S.H.
_9833716
245 0 _aSurvey of Social Work Education in Family Planning in School of Social Work in India
_cby S.H. Pathak
260 _aDelhi
_bD.S.S.W. University Delhi
_c1973
300 _a127p.
942 _cTEXL
_hT:3(YX,A;5-P).2, N73;1
999 _c1449517
_d1449517